000 00788nam2a22002531 4500
001 rc\3793293
005 20250530051854.0
035 _a(NLR Aleph) 007242485
090 _a7761033
_c7761033
100 _a20120311d1975 |||y0rusy50 ca
101 0 _arus
102 _aRU
105 _ay z |||||
200 0 _aВып. 1
210 _d1975
_aБ. м.
215 _a145 с.
225 1 _a...
_vТ. 27
320 _aБиблиогр. в конце статей
461 0 _1001rc\2628019
_12001#$vВып. 1
_96149194
_aГидаш, А. (1899-1980)
_c[Москва]
_d1931
_fАнатоль Гидаш
_nОгиз - Мол. гвардия
_o[Стихи]
_p32 с.
_tЭва
_vВып. 1
801 0 _aRU
_bNLR
_gpsbo
801 1 _aRU
_bELAR
_2rusmarc
852 _aNLR
_jБ П186
942 _cBOOK
980 _aNB